000 00849nam a2200253 i 4500
001 119111
003 ES-MaACL
005 20250825062631.0
007 t|
008 070214s1974 sp |||| | spa d
020 _a84-7307-043-7
080 _a087.5:946"18"(0:860-3)
100 1 _aPérez Galdós, Benito,
_d1843-1920
_990871
245 1 0 _aEpisodios nacionales para niños /
_cBenito Pérez Galdós.
250 _a1ª ed.
260 _aLa Palmas de Gran Canaria :
_bCabildo Insular,
_c1974.
300 _a288 p. ;
_c24 cm.
600 1 7 _aPérez Galdós, Benito,
_d1843-1920.
_tEpisodios nacionales
_2
_9138149
651 4 _aEspaña-
_xHistoria-
_yS.XIX-
_vLibros infantiles.
_9169509
655 7 _aLibros infantiles
_2tgfbne
_9226786
710 1 _aGran Canaria.
_bCabildo Insular.
_92264
852 4 _aES-MaACL
_jE-7824
999 _c119111
_d119111